000 00811nam a2200253Ia 4500
003 OSt
005 20220926014537.0
006 a|||||r|||| 00| 0
007 ta
008 220923b |||||||| |||| 00| 0 eng d
020 _a0071440054
_c1364.52
037 _b1833, 23/10/2006, P.T. BOOKS INTERNATIONAL
_cGeneral Book
040 _aRTL
_cRTL
_beng
041 _2eng
_aeng
082 _aX65:8, P4
100 _aCordes Ronald, and others
_9320797
245 0 _aArt of investing and portfolio management
_b A prove
260 _aNew York
_bMcGraw-Hill
_c2004
300 _aviii, 183p
_ccm.
500 _aAppendix: p 175-178
650 _aCommerce
942 _hX65:8, P4
_cGB
_2CC
999 _c629309
_d629309